00729nam a2200217Ia 4500003000900000008004100009020001800050040001600068080001800084245007500102260002700177300001000204490005200214650001400266650001600280700004000296700003100336942000700367999001500374952012200389IN-BaIIA211028s9999 xx 000 0 eng d a0-470-74390-5 cIIA Library a042.53bBRA-8 0aPhysical sciencesbvol. 8cedited by Sir W. L. Bragg and George Porter aLondonbElsevierc1970 a536p. aThe Royal institution library of science Series aChemistry aPhysics973 aBragg, William Lawrence., ed.96533 aPorter, George., ed.96534 cBK c3681d3681 00104070aBANbBANcGENd1971-01-08g113.47l0o042:53/ BRA-7p4107r2021-11-05v113.47w1971-01-08yBKGRs. 113.47